[Event "Verona Province-ch"]
[Site "Zevio Verona"]
[Date "2014.01.26"]
[Round "6"]
[White "Marcori, Mirko"]
[Black "Adami, Antonio"]
[Result "1/2-1/2"]
[WhiteElo "1752"]
[BlackElo "1730"]
[PlyCount "134"]
[EventDate "2014.01.18"]
[EventType "swiss"]
[EventRounds "6"]
[EventCountry "ITA"]
[SourceTitle "EXT 2015"]
[Source "ChessBase"]
[SourceDate "2014.11.20"]
[SourceVersion "1"]
[SourceVersionDate "2014.11.20"]
[SourceQuality "1"]

1. d4 Nf6 2. c4 g6 3. Nc3 Bg7 4. e4 d6 5. f3 0-0 6. Be3 b6 7. Qd2 a6 8. Bd3 c5 9. d5 Nbd7 10. Nge2 Ne5 11. Nc1 Nh5 12. Be2 Bd7 13. b3 b5 14. cxb5 axb5 15. Rb1 b4 16. Nd1 f5 17. 0-0 f4 18. Bf2 g5 19. Nd3 Qa5 20. Nc1 g4 21. Bh4 Ng6 22. fxg4 Nf6 23. Bxf6 Bxf6 24. Nf2 Bc3 25. Qc2 Ne5 26. h3 f3 27. gxf3 Nxf3+ 28. Bxf3 Rxf3 29. Kg2 Raf8 30. Ne2 Be5 31. Nd3 Rxf1 32. Rxf1 Rxf1 33. Kxf1 Bf6 34. Kg2 Bb5 35. Ndf4 Be5 36. Ne6 Qa3 37. Qd2 Qb2 38. Qxb2 Bxb2 39. N6f4 c4 40. Kf3 Be5 41. bxc4 Bxc4 42. Nc1 Kf7 43. Nfe2 Kg6 44. h4 Kf7 45. Ke3 Bb2 46. Nb3 Kf6 47. Ned4 Bc3 48. Nc6 h6 49. g5+ hxg5 50. hxg5+ Kxg5 51. Nxe7 Kf6 52. Nf5 Bxd5 53. Nxd6 Bg8 54. Nb5 Bb2 55. Kd3 Bh7 56. Kc2 Ba3 57. Nc5 Ke5 58. Nxa3 bxa3 59. Kd3 Bg8 60. Ke3 Bxa2 61. Nd3+ Ke6 62. Kd4 Bb1 63. Nc5+ Ke7 64. e5 a2 65. Nb3 Bf5 66. Na1 Be6 67. Nc2 Bb3 1/2-1/2

[Event "Crema op 15th"]
[Site "Crema"]
[Date "2013.08.31"]
[Round "4"]
[White "Aleksic, Nenad"]
[Black "Adami, Antonio"]
[Result "1-0"]
[WhiteElo "2357"]
[BlackElo "1754"]
[PlyCount "81"]
[EventDate "2013.08.30"]
[EventType "swiss"]
[EventRounds "6"]
[EventCountry "ITA"]
[SourceTitle "EXT 2015"]
[Source "ChessBase"]
[SourceDate "2014.11.20"]
[SourceVersion "1"]
[SourceVersionDate "2014.11.20"]
[SourceQuality "1"]

1. e4 Nf6 2. d3 d6 3. Nf3 Bg4 4. Nbd2 Nc6 5. Be2 e6 6. c3 Be7 7. 0-0 0-0 8. d4 a6 9. Re1 Rb8 10. Qc2 Qc8 11. Bf1 Bh5 12. Bd3 Ne8 13. e5 Bg6 14. Ne4 d5 15. Neg5 Bxd3 16. Qxd3 g6 17. Qe3 Ng7 18. g4 h6 19. Nh7 g5 20. Nxf8 Kxf8 21. h4 Qd8 22. hxg5 Bxg5 23. Nxg5 Qxg5 24. Qxg5 hxg5 25. Bxg5 Ne7 26. Kg2 Ng6 27. Rh1 Ne8 28. Rh7 Rc8 29. Rah1 c5 30. Bf6 Nxf6 31. exf6 Ke8 32. Rh8+ Nxh8 33. Rxh8+ Kd7 34. Rxc8 Kxc8 35. dxc5 Kd7 36. f4 e5 37. f5 a5 38. g5 Ke8 39. g6 Kf8 40. Kf3 a4 41. b4 1-0

[Event "Verona Province-ch"]
[Site "Zevio Verona"]
[Date "2013.01.13"]
[Round "2"]
[White "Adami, Antonio"]
[Black "Jirillo, Antonio"]
[Result "1-0"]
[WhiteElo "1720"]
[BlackElo "1663"]
[PlyCount "117"]
[EventDate "2013.01.12"]
[EventType "swiss"]
[EventRounds "6"]
[EventCountry "ITA"]
[SourceTitle "EXT 2024"]
[Source "ChessBase"]
[SourceDate "2023.10.10"]
[SourceVersion "1"]
[SourceVersionDate "2023.10.10"]
[SourceQuality "1"]

1. e4 Nf6 2. Nc3 d5 3. e5 d4 4. exf6 dxc3 5. fxe7 cxd2+ 6. Qxd2 Qxe7+ 7. Be2 Nc6 8. Nf3 Bg4 9. 0-0 Rd8 10. Qe3 Qxe3 11. Bxe3 Bd6 12. h3 Bd7 13. Bg5 Be7 14. Bd3 0-0 15. Rfe1 Rfe8 16. a3 h6 17. Bf4 Rc8 18. Re2 Bf6 19. c3 Rxe2 20. Bxe2 a6 21. Rd1 Be6 22. Rd2 Ne7 23. Bd1 c6 24. Bc2 Nd5 25. Be5 Bxe5 26. Nxe5 g5 27. c4 Nf6 28. b3 Kg7 29. Nf3 g4 30. hxg4 Bxg4 31. Nh4 Re8 32. f3 Bc8 33. Kf2 Be6 34. g4 Kf8 35. Kg3 Nd7 36. f4 Nb6 37. Nf3 a5 38. Ne5 Ke7 39. Rh2 Rh8 40. g5 h5 41. f5 Bc8 42. Ng4 Kf8 43. Nf6 h4+ 44. Rxh4 Rxh4 45. Kxh4 a4 46. Kg4 axb3 47. Bxb3 Nd7 48. Nxd7+ Bxd7 49. c5 Kg7 50. Bc2 f6 51. g6 Bc8 52. Bd3 Bd7 53. Bc4 Be8 54. Be6 Kh6 55. Bc8 b5 56. cxb6 c5 57. b7 c4 58. b8Q c3 59. Qh2+ 1-0

[Event "Chioggia op-B 07th"]
[Site "Chioggia"]
[Date "2012.10.14"]
[Round "4"]
[White "Rizzo, Nicodemo"]
[Black "Adami, Antonio"]
[Result "0-1"]
[WhiteElo "1636"]
[BlackElo "1720"]
[PlyCount "70"]
[EventDate "2012.10.12"]
[EventType "swiss"]
[EventRounds "5"]
[EventCountry "ITA"]
[SourceTitle "EXT 2022"]
[Source "ChessBase"]
[SourceDate "2021.10.06"]
[SourceVersion "1"]
[SourceVersionDate "2021.10.06"]
[SourceQuality "1"]

1. d4 f5 2. Nf3 Nf6 3. e3 g6 4. Be2 Bg7 5. b3 0-0 6. Bb2 d6 7. 0-0 Qe8 8. Nbd2 Nc6 9. c4 e5 10. dxe5 dxe5 11. Qc2 a5 12. a3 b6 13. Rfe1 e4 14. Nd4 g5 15. Nb5 Qe7 16. Rac1 Ne5 17. a4 c5 18. Rcd1 Bd7 19. Nc3 Nc6 20. Na2 Rad8 21. Nf1 Be8 22. Rxd8 Qxd8 23. Rd1 Qc7 24. Qd2 Rf7 25. Qc1 Rd7 26. Ng3 Bg6 27. Rd2 f4 28. Rxd7 Qxd7 29. Bxf6 fxg3 30. Bxg5 gxf2+ 31. Kxf2 Ne5 32. Kg1 Nd3 33. Qd1 Be5 34. Bf4 Bxf4 35. exf4 Qd4+ 0-1

[Event "Chioggia op-B 07th"]
[Site "Chioggia"]
[Date "2012.10.12"]
[Round "1"]
[White "Adami, Antonio"]
[Black "Runggaldier, Andreas"]
[Result "0-1"]
[WhiteElo "1720"]
[BlackElo "1497"]
[PlyCount "66"]
[EventDate "2012.10.12"]
[EventType "swiss"]
[EventRounds "5"]
[EventCountry "ITA"]
[SourceTitle "EXT 2022"]
[Source "ChessBase"]
[SourceDate "2021.10.06"]
[SourceVersion "1"]
[SourceVersionDate "2021.10.06"]
[SourceQuality "1"]

1. e4 c5 2. Nc3 g6 3. d3 Bg7 4. g3 Nf6 5. Bg2 0-0 6. Be3 d6 7. h3 Nc6 8. Qd2 Re8 9. Bh6 Bh8 10. Nge2 Nd4 11. 0-0 Bxh3 12. Nxd4 Bxg2 13. Kxg2 cxd4 14. Ne2 Ng4 15. Rh1 Qd7 16. f3 Ne5 17. Bf8 h5 18. Bh6 f5 19. Rxh5 gxh5 20. Qg5+ Kf7 21. Qxh5+ Kg8 22. Rh1 e6 23. Nf4 Rac8 24. Ng6 Rxc2+ 25. Kf1 Qf7 26. Nxe5 Qxh5 27. Rxh5 Bxe5 28. f4 Bh8 29. exf5 exf5 30. Rxf5 Ree2 31. Rf8+ Kh7 32. Bg5 Rh2 33. Kg1 Rhe2 0-1

[Event "Basso Veronese op 5th"]
[Site "Casaleone"]
[Date "2012.05.??"]
[Round "3"]
[White "Adami, Antonio"]
[Black "Macalello, Angelo"]
[Result "1/2-1/2"]
[WhiteElo "1717"]
[BlackElo "1737"]
[PlyCount "52"]
[EventDate "2012.05.19"]
[EventType "swiss"]
[EventRounds "6"]
[EventCountry "ITA"]
[SourceTitle "EXT 2014"]
[Source "ChessBase"]
[SourceDate "2013.11.20"]
[SourceVersion "1"]
[SourceVersionDate "2013.11.20"]
[SourceQuality "1"]

1. e4 e5 2. d4 exd4 3. Qxd4 Nc6 4. Qe3 Nf6 5. Nc3 d6 6. Bd2 Be7 7. 0-0-0 0-0 8. f4 Ng4 9. Qe1 Bd7 10. h3 Nf6 11. g4 h6 12. Nf3 Re8 13. g5 hxg5 14. fxg5 Nh7 15. Qg3 Ne5 16. Nxe5 dxe5 17. h4 Be6 18. Bf4 exf4 19. Qxf4 Bxg5 20. hxg5 Qxg5 21. Qxg5 Nxg5 22. Bg2 c6 23. Rh4 g6 24. Rdh1 Kg7 25. Kd2 Rad8+ 26. Ke3 Bc8 1/2-1/2

[Event "Basso Veronese op 5th"]
[Site "Casaleone"]
[Date "2012.05.??"]
[Round "4"]
[White "Rosina, Graziano"]
[Black "Adami, Antonio"]
[Result "1/2-1/2"]
[WhiteElo "1829"]
[BlackElo "1717"]
[PlyCount "49"]
[EventDate "2012.05.19"]
[EventType "swiss"]
[EventRounds "6"]
[EventCountry "ITA"]
[SourceTitle "EXT 2014"]
[Source "ChessBase"]
[SourceDate "2013.11.20"]
[SourceVersion "1"]
[SourceVersionDate "2013.11.20"]
[SourceQuality "1"]

1. Nf3 f5 2. g3 Nf6 3. Bg2 g6 4. 0-0 Bg7 5. c4 0-0 6. Nc3 d6 7. d4 Qe8 8. Nd5 Nxd5 9. cxd5 h6 10. Qc2 c6 11. dxc6 bxc6 12. h4 Bd7 13. Rd1 Kh7 14. Bf4 Na6 15. a3 Nc7 16. Bd2 Rc8 17. Rac1 Ne6 18. e3 c5 19. d5 Nc7 20. Bc3 Qf7 21. Bxg7 Qxg7 22. Nd2 Qf6 23. Nc4 Rb8 24. b3 Rfc8 25. Rb1 1/2-1/2

[Event "Crema op 13th"]
[Site "Crema"]
[Date "2011.09.03"]
[Round "4"]
[White "Coppola, Federico"]
[Black "Adami, Antonio"]
[Result "1-0"]
[WhiteElo "1802"]
[BlackElo "1722"]
[PlyCount "115"]
[EventDate "2011.09.02"]
[EventType "swiss"]
[EventRounds "6"]
[EventCountry "ITA"]
[SourceTitle "EXT 2022"]
[Source "ChessBase"]
[SourceDate "2021.10.06"]
[SourceVersion "1"]
[SourceVersionDate "2021.10.06"]
[SourceQuality "1"]

1. e4 c5 2. Nf3 d6 3. d4 cxd4 4. Nxd4 Nf6 5. Nc3 a6 6. Bg5 e6 7. f4 b5 8. e5 dxe5 9. fxe5 Qc7 10. exf6 Qe5+ 11. Be2 Qxg5 12. 0-0 Ra7 13. Qd3 Rd7 14. Ne4 Qe5 15. c3 g6 16. Rad1 Bb7 17. Bf3 Bxe4 18. Bxe4 Bd6 19. g3 h5 20. Rc1 Bc5 21. Bc6 Qd6 22. Bxd7+ Nxd7 23. Qe4 0-0 24. Kg2 e5 25. Nb3 Bb6 26. Rcd1 Qe6 27. Qd5 Qg4 28. Qf3 Qe6 29. Nd2 Bd8 30. Ne4 Nb6 31. Rd6 Qxa2 32. Rfd1 Bc7 33. Rc6 Bd8 34. Qe3 Nd5 35. Qh6 Nxf6 36. Nxf6+ Bxf6 37. Rxf6 Qxb2+ 38. Qd2 Qb3 39. Rxa6 Qc4 40. Qd3 Qc5 41. Rd6 Kg7 42. Rd5 Qc6 43. Qxb5 Qxc3 44. Rxe5 Qc2+ 45. Qe2 Qc6+ 46. Qe4 Qc3 47. Qd4 Qc2+ 48. Rd2 Qc6+ 49. Rd5+ Kh7 50. Qc5 Qe8 51. Qc2 Qa8 52. Kg1 Qa1+ 53. Rd1 Qa7+ 54. Qc5 Qb8 55. Qd4 Qb3 56. g4 h4 57. Qf2 Qh3 58. R5d4 1-0

[Event "Crema op 13th"]
[Site "Crema"]
[Date "2011.09.02"]
[Round "1"]
[White "Adami, Antonio"]
[Black "Moroni, Luca Jr"]
[Result "0-1"]
[WhiteElo "1722"]
[BlackElo "1998"]
[PlyCount "81"]
[EventDate "2011.09.02"]
[EventType "swiss"]
[EventRounds "6"]
[EventCountry "ITA"]
[SourceTitle "EXT 2022"]
[Source "ChessBase"]
[SourceDate "2021.10.06"]
[SourceVersion "1"]
[SourceVersionDate "2021.10.06"]
[SourceQuality "1"]

1. e4 c5 2. Nc3 d6 3. g3 Nc6 4. Bg2 g6 5. d3 Bg7 6. Be3 e6 7. Qd2 Nd4 8. f4 Ne7 9. Nf3 Nec6 10. a3 Rb8 11. 0-0 0-0 12. Rab1 Qa5 13. Rf2 b5 14. Nd1 b4 15. axb4 Nxb4 16. e5 Nxf3+ 17. Bxf3 dxe5 18. Kh1 Bb7 19. Bxb7 Rxb7 20. fxe5 Bxe5 21. Nc3 f5 22. Bf4 Bxf4 23. Qxf4 Qc7 24. Qxc7 Rxc7 25. Nb5 Rd7 26. Re1 Re8 27. Rfe2 Kf7 28. Kg2 Kf6 29. Na3 Nc6 30. Nc4 Rd5 31. Ne3 Re5 32. Rf2 h5 33. g4 Kf7 34. g5 Kg7 35. h4 Rd8 36. Ree2 Nd4 37. Kg3 Nxe2+ 38. Rxe2 Rd4 39. Kf3 Rxh4 40. Nc4 Rh3+ 41. Kg2 0-1

[Event "Crema op 12th"]
[Site "Crema "]
[Date "2010.09.05"]
[Round "5"]
[White "Adami, Antonio"]
[Black "Gemelli, Giovanni"]
[Result "1/2-1/2"]
[WhiteElo "1686"]
[BlackElo "1500"]
[PlyCount "96"]
[EventDate "2010.09.05"]
[EventType "swiss"]
[EventRounds "6"]
[EventCountry "ITA"]
[SourceTitle "EXT 2012"]
[Source "ChessBase"]
[SourceDate "2011.11.24"]
[SourceVersion "1"]
[SourceVersionDate "2011.11.24"]
[SourceQuality "1"]

1. e4 c5 2. Nc3 Nc6 3. g3 g6 4. Bg2 e6 5. d3 Bg7 6. Be3 b6 7. Qd2 Nge7 8. Bh6 0-0 9. h4 f6 10. Bxg7 Kxg7 11. 0-0-0 a6 12. h5 Rf7 13. hxg6 Nxg6 14. Qh6+ Kg8 15. Nf3 Qf8 16. Qe3 Bb7 17. Rh2 Re8 18. Rdh1 Ree7 19. Na4 Qd8 20. Qh6 Rg7 21. Nh4 Nge5 22. Qd2 d6 23. f4 Nd7 24. f5 e5 25. Ng6 Ref7 26. Qe2 b5 27. Nc3 Nd4 28. Qg4 Qc7 29. Rxh7 Rxh7 30. Rxh7 Rxh7 31. Ne7+ Kf8 32. Qg8+ Kxe7 33. Qxh7+ Ke8 34. Bh3 Qd8 35. Qg8+ Nf8 36. Bg4 Qe7 37. Bh5+ Kd7 38. Nd5 Bxd5 39. Qxd5 Nc6 40. g4 Qg7 41. b3 b4 42. Qc4 Nb8 43. Kb1 Qg5 44. Qf7+ Kc6 45. Qxf8 Kb7 46. Qxd6 Qd2 47. Qd5+ Ka7 48. Qf7+ Ka8 1/2-1/2

[Event "Senigallia op-A"]
[Site "Senigallia"]
[Date "2010.07.30"]
[Round "6"]
[White "Adami, Antonio"]
[Black "Rizzi, Pietro"]
[Result "1-0"]
[WhiteElo "1698"]
[BlackElo "1595"]
[PlyCount "56"]
[EventDate "2010.07.25"]
[EventType "swiss"]
[EventRounds "7"]
[EventCountry "ITA"]
[SourceTitle "CBM 137 Extra"]
[Source "ChessBase"]
[SourceDate "2010.09.01"]
[SourceVersion "1"]
[SourceVersionDate "2010.09.01"]
[SourceQuality "1"]

1. e4 c6 2. d4 d5 3. Nc3 dxe4 4. Nxe4 Bf5 5. Ng3 Bg6 6. N1e2 h6 7. Nf4 Bh7 8. Bc4 Nd7 9. 0-0 Nb6 10. Bb3 Nf6 11. a4 Nbd5 12. Nxd5 cxd5 13. a5 e6 14. Nh5 Nd7 15. Qe2 Bg6 16. Nf4 Bh7 17. Nxd5 Be7 18. Nxe7 Qxe7 19. Qg4 g5 20. Re1 Bf5 21. Qf3 Qb4 22. Qe3 0-0 23. Bd2 Qe7 24. Bc3 Kh7 25. Qf3 Nf6 26. Qxf5+ exf5 27. Rxe7 Kg6 28. Rxb7 Rg8 1-0

[Event "Senigallia op-A"]
[Site "Senigallia"]
[Date "2010.07.27"]
[Round "3"]
[White "Simeone, Giulio"]
[Black "Adami, Antonio"]
[Result "1-0"]
[WhiteElo "1911"]
[BlackElo "1698"]
[PlyCount "97"]
[EventDate "2010.07.25"]
[EventType "swiss"]
[EventRounds "7"]
[EventCountry "ITA"]
[SourceTitle "CBM 137 Extra"]
[Source "ChessBase"]
[SourceDate "2010.09.01"]
[SourceVersion "1"]
[SourceVersionDate "2010.09.01"]
[SourceQuality "1"]

1. c4 f5 2. e4 fxe4 3. d3 Nf6 4. dxe4 Nc6 5. Nc3 g6 6. Bg5 Bg7 7. Nf3 d6 8. Qd2 0-0 9. Be2 a6 10. 0-0-0 Ng4 11. c5 Nxf2 12. Bc4+ Kh8 13. Qxf2 Qe8 14. Nd5 Qd7 15. Qh4 b5 16. cxb6 Rb8 17. Nxe7 Nxe7 18. Bxe7 Rxf3 19. gxf3 Rxb6 20. e5 Qf5 21. Bf6 Qxf3 22. Bxg7+ Kxg7 23. Qe7+ Kh6 24. Qh4+ Kg7 25. Qf6+ Qxf6 26. exf6+ Kxf6 27. Rhf1+ Kg5 28. Rd3 Bf5 29. Rc3 Rb4 30. Bg8 Rh4 31. Rxc7 Rxh2 32. Rxh7 Rc2+ 33. Kd1 Rxb2 34. Rg1+ Kf4 35. Rh4+ Ke5 36. Re1+ Kf6 37. Rd4 Bc2+ 38. Kc1 Rb1+ 39. Kd2 Rxe1 40. Kxe1 Ke5 41. Rd5+ Kf4 42. Rxd6 g5 43. Rxa6 g4 44. Kf2 g3+ 45. Kg1 Bd3 46. Rf6+ Kg4 47. a4 Be4 48. a5 Kg5 49. Rb6 1-0

[Event "Senigallia op-A"]
[Site "Senigallia"]
[Date "2010.07.26"]
[Round "2"]
[White "Adami, Antonio"]
[Black "Marsili, Riccardo"]
[Result "0-1"]
[WhiteElo "1698"]
[BlackElo "1914"]
[PlyCount "94"]
[EventDate "2010.07.25"]
[EventType "swiss"]
[EventRounds "7"]
[EventCountry "ITA"]
[SourceTitle "CBM 137 Extra"]
[Source "ChessBase"]
[SourceDate "2010.09.01"]
[SourceVersion "1"]
[SourceVersionDate "2010.09.01"]
[SourceQuality "1"]

1. e4 c5 2. Nc3 Nc6 3. g3 g6 4. Bg2 Bg7 5. d3 Nf6 6. Be3 d6 7. h3 0-0 8. Qd2 Bd7 9. Bh6 Rb8 10. Bxg7 Kxg7 11. Nge2 b5 12. 0-0 b4 13. Nd1 Qb6 14. Ne3 e6 15. f4 Qc7 16. g4 h6 17. Rf2 Nd4 18. Ng3 a5 19. Raf1 Rbe8 20. f5 Bc6 21. c3 Nb5 22. fxe6 fxe6 23. Nc2 d5 24. g5 Qxg3 25. gxh6+ Kh7 26. Rxf6 Rxf6 27. Rxf6 bxc3 28. bxc3 dxe4 29. Rf7+ Kg8 30. Rg7+ Kh8 31. Kh1 Rf8 32. dxe4 Bxe4 33. Ne3 Bxg2+ 34. Qxg2 Qxe3 35. Rxg6 Qf4 36. h7 Qf1+ 37. Kh2 Qxg2+ 38. Kxg2 Re8 39. c4 Nd6 40. Rg4 Kxh7 41. Kf3 Kh6 42. Ke3 Rf8 43. Ke2 Rf5 44. a4 Re5+ 45. Kd3 Re1 46. Kc2 Re3 47. h4 Re5 0-1